| 000 | 00673nam a2200253 a 4500 | ||
|---|---|---|---|
| 999 |
_c4601 _d4601 |
||
| 001 | 10547 | ||
| 003 | GBCCL | ||
| 005 | 20241126110522.0 | ||
| 008 | 740919s1974 tnu 00010 eng | ||
| 010 | _a 73093907 | ||
| 020 | _a0805452230 (pbk.) | ||
| 035 | _aOCM01056625 | ||
| 040 |
_aDLC _cDLC _dm.c. _dLBB |
||
| 049 | _aLBBK | ||
| 050 | 0 |
_aBT767.3 _b.N44 |
|
| 082 |
_a234.13 _bNEI |
||
| 092 |
_a234.13 _bN397 |
||
| 100 | 1 | 0 |
_aNeighbour, Ralph Webster, _d1929- _96254 |
| 245 | 1 | 0 |
_aThis gift is mine / _cRalph W. Neighbour, Jr. |
| 260 | 0 |
_aNashville : _bBroadman Press, _cc1974. |
|
| 300 |
_a122 p. ; _c19 cm. |
||
| 650 | 0 |
_aGifts, Spiritual. _9664 |
|
| 942 |
_2ddc _cBK _01 |
||